September 2025 - Quiz - Statistiken

Allgemein
  • Dieses Quiz wurde 92 mal gespielt
  • Das Durchschnittsergebnis liegt bei 9 aus 15
Antwortstatistiken
Datum Frage Antwort % Korrekt
20.9 Welches Volksfest findet zum 190. Mal statt? Oktoberfest
87%
20.9 Die Türme welcher Pariser Kirche sind wieder öffentlich zugänglich? Notre-Dame
82%
14.9 Welches Land wird in Riga Basketball-Europameister? Deutschland
79%
21.9 Welcher Staat wird von Kanada, Australien, Portugal und dem Vereinigten Königreich anerkannt? Palästina
76%
14.9 In welchem Bundesland finden Kommunalwahlen statt? Nordrhein-Westfalen
75%
1.9 Welcher ehemalige Bundesminister der Grünen legt sein Bundestagsmandat nieder? Robert Habeck
75%
3.9 In welcher Stadt entgleist eine der historischen Standseilbahnen? Lissabon
71%
28.9 In welchem Land eröffnet die höchste Brücke der Welt? China
66%
10.9 Welcher US-Aktivist kommt bei einem Attentat ums Leben? Charlie Kirk
61%
22.9 Welcher Fußballer gewinnt erstmalig den Ballon d´Or? Ousmane Dembele
49%
28.9 In welchem osteuropäischen Land findet die Parlamentswahl statt, die von der pro-europäischen Partei gewonnen wird? Moldau
48%
4.9 Welcher Modedesigner stirbt im Alter von 91 Jahren? Giorgio Armani
40%
13.9 Welche Weltmeisterschaft beginnt im japanischen Tokio? Leichtathletik
40%
8.9 In welchem Land wird ein Vater mit seinen Kindern gefunden, nachdem sie vier Jahre in der Wildnis untergetaucht waren? Neuseeland
21%
9.9 Wer wird zum neuen französischem Premierminister? Sebastien Lecornu
13%
Keine übereinstimmenden Quizze gefunden
Verteilung der Resultate
Anzahl Personen mit jedem Resultat
Perzentil nach korrekt beantworteten Fragen
Ihre Resultats-Entwicklung
Sie haben dieses Quiz noch nicht gespielt